| 000 | 00464nam a22001937a 4500 | ||
|---|---|---|---|
| 003 | CEME | ||
| 005 | 20210628202953.0 | ||
| 008 | 210127b xxu||||| |||| 00| 0 eng d | ||
| 020 | _a0-415-27378-1 | ||
| 040 | _c. | ||
| 082 | _a620.82 BRI | ||
| 100 |
_aBridger, R.S _962640 |
||
| 245 | _aIntroduction to ergonomics | ||
| 250 | _a2ND | ||
| 260 |
_aNEW YORK _bTAYLOR AND FRANCIS _c2003 |
||
| 300 | _aXII,548P | ||
| 650 |
_aERGONOMICS _962641 |
||
| 942 |
_cBK _2ddc |
||
| 999 |
_c571689 _d571689 |
||